| 000 | 00621nam a2200205Ii 4500 | ||
|---|---|---|---|
| 001 | 11209 | ||
| 003 | CO-ViMGA | ||
| 008 | 241108s9999||||xx |||||||||||||| ||und|| | ||
| 040 |
_aCO-ViMGA _bspa _erda _cCO-ViMGA |
||
| 041 | 0 | _aunk | |
| 082 | 0 | 4 | _a708.9-B213 |
| 110 | 1 |
_aBanco de la República _944153 |
|
| 245 | 1 | 0 | _a<El> Museo del Oro |
| 264 | 1 | _a[Lugar de publicación no identificado] : Imprenta Banco de la República, 1944 | |
| 300 | _avolumen | ||
| 336 |
_atext _btxt _2rdacontent |
||
| 337 |
_aunmediated _bn _2rdamedia |
||
| 338 |
_avolume _bnc _2rdacarrier |
||
| 940 | _aidficha_siabuc: 10942. -- ficha_no_siabuc:11209 | ||
| 999 |
_c55942 _d55942 |
||